LEADER 00992nam0-22003371i-450- 001 990006617030403321 005 20040721110026.0 010 $a90-286-0048-5 035 $a000661703 035 $aFED01000661703 035 $a(Aleph)000661703FED01 035 $a000661703 100 $a20010426d1979----km-y0itay50------ba 101 0 $aeng 102 $aNL 105 $aa-------001yy 200 1 $aConsumption and price$ewith special regard to the theories and practice of the socialist countries$fby Robert Hoch 210 $aAlphen aan den Rijn$cSijthoff& Noordhoff$aBudapest$cAkadémiai Kiadó$d1979 215 $a408 p.$d25 cm 610 0 $aPaesi socialisti 610 0 $aPrezzi 700 1$aHoch,$bRobert$0247741 801 0$aIT$bUNINA$gRICA$2UNIMARC 901 $aBK 912 $a990006617030403321 952 $aVI A 217$b18898$fFSPBC 952 $aI/2.124 HOC$b10897/I$fSES 959 $aFSPBC 959 $aSES 996 $aConsumption and price$9614567 997 $aUNINA LEADER 01049nam0-22003851i-450- 001 990001349290403321 005 20091203160345.0 010 $a0-471-11709-9 035 $a000134929 035 $aFED01000134929 035 $a(Aleph)000134929FED01 035 $a000134929 100 $a20001205d1996----km-y0itay50------ba 101 0 $aeng 102 $aUS 105 $aa---a---001yy 200 1 $aApplied cryptography$eProtocols, Algorithms, and Source Code in C$fBruce Schneier 205 $a2nd ed. 210 $aNew York$cWiley$d1996 215 $axxiii, 758 p.$cill.$d23 cm 610 0 $aTeoria dell'informazione 610 0 $aSicurezza dei dati 610 0 $aControllo dell'accesso 610 0 $aCrittografia 676 $a005.82$v21 700 1$aSchneier,$bBruce$060872 801 0$aIT$bUNINA$gRICA$2UNIMARC 901 $aBK 912 $a990001349290403321 952 $a8A-049$b5020$fFI1 952 $a005.82-SCH-1$b1226$fSC1 959 $aFI1 959 $aSC1 996 $aApplied cryptography$9376141 997 $aUNINA